Symphony X albums - Statistics

General Stats
  • This quiz has been taken 32 times
  • The average score is 6 of 9
Answer Stats
Year Answer % Correct
2011 Iconoclast
84%
2007 Paradise Lost
79%
1994 Symphony X
79%
1997 The Divine Wings of Tragedy
74%
2002 The Odyssey
74%
2015 Underworld
74%
2000 V: The New Mythology Suite
63%
1998 Twilight in Olympus
58%
1995 The Damnation Game
47%
No matching quizzes found
Score Distribution
Percent of People with Each Score
Percentile by Number Answered
Your Score History
You have not taken this quiz